Hypogloso-faciálne anastomózy

Bibliographic Details
Main Author: Matejčík, Viktor, 1951- (Author)
Format: Article
Language:Slovak
PhysicalDescription:Tab.
ISSN:1335-2954
Subjects:

MARC

LEADER 00000nab a2200000 a 4500
001 vtls000828970
003 SK-MaSNL
005 20260304123746.0
008 250429c2002 xo 0 slo
015 |a SNBRB2003/03-09059 
035 |a CLN000180625 
035 |a urn:nbn:sk:snk-abpr3 
035 |a (urnnbn)urn:nbn:sk:snk:ar-a06amk 
035 |a (uuid)13a2a227-ac25-459d-a45d-aa23a74191dd 
040 |a SNKBUCL  |b slo  |c SNKBUCL  |e AACR2 
041 0 |a slo 
044 |a xo  |c SK 
080 |a 616.833.17-089.843  |2 1997 
100 1 |a Matejčík, Viktor,  |d 1951-  |4 aut  |9 12959 
245 1 0 |a Hypogloso-faciálne anastomózy  |c V. Matejčík 
246 1 1 |a Hypogloso-facial anastomosis 
300 |b Tab. 
504 |a Res. angl., slov. 
504 |a Bibliogr. odkazy 
650 0 7 |a nervus facialis, poranenia  |x chirurgia  |2 snkbucl  |9 842621 
650 0 7 |a nervus hypoglossus  |x chirurgia  |2 snkbucl  |9 842622 
650 0 7 |a anastomóza chirurgická  |x metódy  |x využitie  |2 snkbucl  |9 839835 
650 0 7 |a výkony chirurgické rekonštrukčné  |x metódy  |x využitie  |2 snkbucl  |9 842623 
655 7 |a články z novín a časopisov  |2 snkbucl  |9 267496 
773 0 |t Slovenský chirurg  |g Roč. 6, č. 4 (2002), s. 9-12  |x 1335-2954 
850 |a Slovenská národná knižnica 
852 |a Slovenská národná knižnica 
954 |a odborná, vedecká literatúra pôvodná (slovenská)  |2 lita 
958 |a article27 
958 |a MI 
958 |a NB 
958 |a OND 
958 |a EUIPO 
999 |c 2889939  |d 2891869